000 01051nam a2200217 i 4500
001 164571
003 ES-MaACL
005 20250726072722.0
008 180531s1916 sp |||| | spa d
100 1 _aVega del Sella, Ricardo
_cDuque de Estrada y Martínez de Morentín, Conde de la Vega del Sella.
_9164836
245 1 0 _aPaleolítico de Cueto de la Mina (Asturias) /
_cpor el Conde de la Vega del Sella.
260 _aMadrid :
_bMuseo Nacional de Ciencias Naturales,
_c1916.
300 _a94 p., XLIII lám. :
_bmap., grab. ;
_c28 cm.
490 1 _aComisión de Investigaciones Paleontológicas y Prehistóricas. Memoria ;
_v13
594 _aPrecede al tít.: Junta para la Ampliación de Estudios e Investigaciones Científicas.
650 4 _aPaleolítico superior-
_zAsturias (Comunidad Autónoma)
_9164853
651 4 _aCueva de Cueto de la Mina (Asturias)
_9164854
830 0 0 _aComisión de Investigaciones Paleontológicas y Prehistóricas. Memoria
_v13
_9183771
852 _aES-MaACL
_jB-13003(4)
999 _c164571
_d164571